Missing Word: Life After Potter (Movies) Quiz Stats

 Plays Quiz not verified by Sporcle

Challenge
Share
Tweet
Score 0/30 Timer 03:00
0 Plays Today
Hint Answer % Correct
Emma WatsonBeauty
97.2%
Robert PattinsonNew
94.4%
Helena Bonham CarterLooking
87.5%
Rhys IfansAmazing
86.1%
Daniel RadcliffeSee
84.7%
Daniel RadcliffeBlack
84.7%
Emma WatsonWallflower
84.7%
Helena Bonham CarterMisérables
84.7%
Helena Bonham CarterGreat
80.6%
Robert PattinsonWater
79.2%
Emma WatsonWeek
77.8%
John HurtTinker
77.8%
Rhys IfansYear
75%
Helena Bonham CarterRanger
73.6%
Daniel RadcliffeArmy
70.8%
Hint Answer % Correct
Rhys IfansMadame
68.1%
Rhys IfansWay
66.7%
Emma WatsonRing
62.5%
Emma WatsonEnd
62.5%
Helena Bonham CarterShadows
52.8%
Daniel RadcliffeFrankenstein
43.1%
John HurtAlive
43.1%
Robert PattinsonStars
43.1%
Robert PattinsonCity
38.9%
John HurtJayne
36.1%
Daniel RadcliffeDarlings
31.9%
Robert PattinsonBel
26.4%
Rhys IfansMilk
22.2%
John HurtAlma
5.6%
John HurtCharlie
5.6%

You're not logged in!

Compare scores with friends on all Sporcle quizzes.
Join for Free
OR
Log In

You Might Also Like...

Show Comments

Extras

Top Quizzes Today


Score Distribution

Your Account Isn't Verified!

In order to create a playlist on Sporcle, you need to verify the email address you used during registration. Go to your Sporcle Settings to finish the process.

Report this User

Report this user for behavior that violates our Community Guidelines.

Details: